|
|
|
|
| LEADER |
00000nam a2200000 a 4500 |
| 001 |
vtls001288868 |
| 003 |
SK-MaSNL |
| 005 |
20260331203524.0 |
| 008 |
251124s1994 RU a 0 rus |
| 020 |
|
|
|a 5741504361
|c [825,00]
|
| 035 |
|
|
|a SNK000240483
|
| 040 |
|
|
|a SNK
|b slo
|c SNK
|e AACR2
|
| 043 |
|
|
|a e-ur-ru
|
| 044 |
|
|
|a RU
|
| 080 |
|
|
|a 904(470-21)(084.12)
|2 1981
|
| 100 |
1 |
|
|a Vygolov, V.P.
|4 zos
|9 577869
|
| 245 |
1 |
|
|a Jaroslavl'
|b pamjatniki architektury i iskusstva
|c [avtor-sostavitel'V.P. Vygolov]
|
| 250 |
|
|
|a 2. pererab. i dop. izd.
|
| 260 |
|
|
|a Jaroslavl'
|b Verchne-volžskoje knižnoje izdatel'stvo
|c 1994
|
| 300 |
|
|
|a 318 s.
|c 27 cm
|
| 650 |
0 |
7 |
|a historické pamiatky
|2 SNKPH
|9 75346
|
| 651 |
|
7 |
|a Jaroslavľ (Rusko)
|2 SNKPHgeo
|9 104223
|
| 919 |
|
|
|a 5-7415-0436-1
|
| 999 |
|
|
|c 886821
|d 888751
|
| 952 |
|
|
|t P60, <04>, [BOOK], {604}
|a SNK
|b SNK
|y VYP
|7 0
|p 17A0066071
|o snkIB 69700
|i snkV 1255/97
|0 0
|1 0
|4 0
|d 1997-06-02
|l 0
|r 2005-01-02 00:00:00
|w 2026-02-24
|